| 000 | 00454nam a2200181Ia 4500 | ||
|---|---|---|---|
| 005 | 20250423100031.0 | ||
| 008 | 250422s9999 xx 000 0 und d | ||
| 020 | _a0-86720-463-X | ||
| 050 | _aQA 9.C347/ | ||
| 100 | _aRobert L. Causey | ||
| 245 | 0 | _aLogic, Sets, and Recursion | |
| 260 | _aLondon | ||
| 260 | _bJones and Bartlett Publishers Inc | ||
| 260 | _c1994 | ||
| 300 | _a395 p | ||
| 650 | _aLogic, Symbolic and Mathematical | ||
| 942 | _cBK | ||
| 999 |
_c32084 _d32084 |
||